000 00785nam a2200253 i 4500
003 DO-SdBNP
005 20230607120927.0
006 a||||fr|||| 00| 0
007 ta
008 230607e2004 rd ||||| |||| 00| 0 spa d
020 _a9993458260
040 _aDO-SdBNP
_bspa
_cBNPHU
_erda
082 4 _222
_bC352
100 1 _953809
_aCastillo Morel, Héctor
245 1 0 _aDerecho de las telecomunicaciones./
_cHector Castillo Morel
264 1 _aSanto Domingo :
_bCentenario S. A.,
_c2004
300 _a742 páginas :
_c23 cm.
336 _2rdaconten
_atexto
_btxt
337 _2rdamedia
_asin medición
_bn
338 _2rdacarrier
_avolumen
_bnc
500 _aIncluye datos biográfico del autor e las solapas de las cubiertas
590 _aInventariado 2023 / MF
942 _2ddc
_cLBS1
999 _c53742
_d53742